000 00580nam a2200205Ia 4500
003 OSt
005 20230517141312.0
008 210423s1992 xx 000 0 und d
040 _cAL
041 _aeng
082 _a338.9
_223
_bRAJE
100 _aRAJ (K N);others
_9106726
245 _aEssays on the commurcialization of indian agriculture
260 _aEngland
_bOxford & IBH
_c1992
365 _b130
_cINR
650 _aEconomics
_9106727
650 _aEconomics of Development
_9106728
906 _aagriculture ; commurcialization ; Essays ; indian
942 _2ddc
_cBK
999 _c172321
_d172321